[Event "Thessaloniki ol (Women)"]
[Site "Thessaloniki"]
[Date "1984.??.??"]
[Round "7"]
[White "Nutu Gajic, Dana"]
[Black "Gocheva, Rumiana B"]
[Result "1-0"]
[WhiteElo "2180"]
[BlackElo "2115"]

1.Nf3 c5 2.c4 Nf6 3.Nc3 b6 4.e4 d6 5.d4 cxd4 6.Nxd4 e6 7.Bd3 Be7 8.O-O Bb7
9.b3 Nbd7 10.Bc2 O-O 11.Bb2 a6 12.Kh1 Re8 13.f4 Bf8 14.Qf3 g6 15.Qh3 e5 16.fxe5 Nxe5
17.Nd5 Nxd5 18.exd5 Bg7 19.a4 Qg5 20.Rae1 Ng4 21.Qf3 f5 22.h3 Ne3 23.Qf2 Nxf1
24.Qxf1 Qg3 25.Re2 Be5 26.Rxe5 Qxe5 27.Bc3 Qe3 28.Qa1 b5 29.Nf3 bxc4 30.bxc4 Rac8
31.Bd2 Qf2 32.Bh6 Re7 33.Bd3 Rce8 34.Qf6 Qg3 35.Kg1 Rf7 36.Qd4 f4 37.Ng5 Re1+
38.Bf1 Rfe7 39.Nf3 R1e5 40.Bxf4 Re4 41.Bxg3 Rxd4 42.Nxd4 Rd7 43.a5 Kf7 44.Be2 h5
45.Ne6 Bc8 46.Bd1 Kf6 47.Bh4+ Ke5 48.Bc2 Rb7 49.Bg3+ Kf6 50.Bxd6 Bxe6 51.dxe6 Kxe6
52.c5 Rb5 53.Bxg6 h4 54.Bc7 Rxc5 55.Bb6  1-0

[Event "Titograd"]
[Site "Titograd"]
[Date "1984.??.??"]
[Round "?"]
[White "Taimanov, Mark E"]
[Black "Kudrin, Sergey"]
[Result "1/2-1/2"]
[WhiteElo "2515"]
[BlackElo "2520"]

1.Nf3 c5 2.c4 Nf6 3.Nc3 b6 4.g3 Bb7 5.Bg2 g6 6.b3 Bg7 7.Bb2 O-O 8.O-O e6
9.Rc1 d5 10.cxd5 exd5 11.d4 Na6 12.dxc5 Nxc5 13.Nb5 Qd7 14.Nbd4 Rfe8 15.Rc2 a5
16.a3 Ba6 17.b4 axb4 18.axb4 Na4 19.Ba1 Ne4 20.Qb1 Rac8 21.Rfc1 Rxc2  1/2-1/2

[Event "Tirnavia"]
[Site "Trnava"]
[Date "1984.??.??"]
[Round "9"]
[White "Stohl, Igor"]
[Black "Velikov, Petar"]
[Result "1/2-1/2"]
[WhiteElo "2405"]
[BlackElo "2465"]

1.c4 c5 2.Nf3 Nf6 3.Nc3 e6 4.g3 b6 5.Bg2 Bb7 6.d4 cxd4 7.Qxd4 d6 8.Bg5 Be7
9.Rd1 O-O 10.O-O Nbd7 11.Nb5 d5 12.cxd5  1/2-1/2

[Event "Troon"]
[Site "Troon"]
[Date "1984.??.??"]
[Round "5"]
[White "Condie, Mark L"]
[Black "Cramling, Dan"]
[Result "1-0"]
[WhiteElo "2360"]
[BlackElo "2380"]

1.Nf3 Nf6 2.c4 c5 3.Nc3 e6 4.g3 d5 5.cxd5 exd5 6.d4 Nc6 7.Bg2 Be7 8.O-O O-O
9.dxc5 Bxc5 10.Bg5 d4 11.Bxf6 Qxf6 12.Nd5 Qd8 13.Nd2 Re8 14.Rc1 Bb6 15.Re1 Be6
16.Nf4 Qd7 17.Qa4 Rac8 18.Nb3 Qd6 19.Nd3 Bd5 20.Bxd5 Qxd5 21.Nbc5 Ne5 22.Nxe5 Qxe5
23.Nd3 Qe4 24.Rxc8 Rxc8 25.Qd7 Rd8 26.Qh3 h6 27.Qg2 Qe7 28.Qf3 Re8 29.Kf1 Qe6
30.b3 Qh3+ 31.Qg2 Qd7 32.Rc1 Re7 33.Qf3 Re6 34.Nf4 Re5 35.Kg2 Kh7 36.h4 g6
37.Rd1 Rc5 38.e3 Rc2 39.Nd5 Qe6 40.exd4 Rxa2 41.Re1 Qf5 42.Qxf5 gxf5 43.Nxb6 axb6
44.Rd1 Kg7 45.d5 Kf8 46.d6 Ke8 47.d7+ Kd8 48.Rd6 h5 49.Rf6 Kxd7 50.Rxf7+ Ke6
51.Rxb7 Ra6 52.b4 Ke5 53.b5 Ra3 54.Rxb6 f4 55.gxf4+ Kf5 56.Rb8 Kg4 57.Rb6  1-0

[Event "URS Cup"]
[Site "URS"]
[Date "1984.??.??"]
[Round "?"]
[White "Chekhova Kostina, Tatiana M"]
[Black "Levitina, Irina S"]
[Result "1/2-1/2"]
[WhiteElo "2160"]
[BlackElo "2245"]

1.Nf3 Nf6 2.c4 c5 3.Nc3 d5 4.cxd5 Nxd5 5.e4 Nb4 6.Bc4 Nd3+ 7.Ke2 Nf4+ 8.Kf1 Ne6
9.b4 cxb4 10.Ne2 Nc7 11.d4 e6 12.Bb2 Be7 13.Nf4 Nd7 14.Rc1 Nf6 15.Qe2 Bd7
16.Ne5 a6 17.Nxd7 Qxd7 18.g4 h6 19.Kg2 Nb5 20.Rhd1 Nc3 21.Bxc3 bxc3 22.e5 Qc6+
23.d5 Nxd5 24.Nxd5 Rc8 25.Bb3 exd5 26.Bxd5 Qg6 27.e6 f5 28.Bxb7 Rc5 29.Rd3 O-O
30.Rdxc3 Rxc3 31.Rxc3 fxg4 32.Qe4 Rxf2+ 33.Kxf2 Qf6+ 34.Rf3 gxf3 35.Qxf3 Qxf3+  1/2-1/2

[Event "URS Cup"]
[Site "URS"]
[Date "1984.??.??"]
[Round "?"]
[White "Mikhalchishin, Adrian"]
[Black "Gorelov, Sergey G"]
[Result "1-0"]
[WhiteElo "2480"]
[BlackElo "2445"]

1.Nf3 c5 2.c4 Nf6 3.Nc3 e6 4.g3 d5 5.cxd5 Nxd5 6.Bg2 Nc6 7.O-O Be7 8.d4 O-O
9.e4 Nxc3 10.bxc3 cxd4 11.cxd4 b6 12.d5 exd5 13.exd5 Nb4 14.Ne5 Bf6 15.Re1 Bf5
16.g4 Nd3 17.Nxd3 Bxd3 18.Ba3 Bxa1 19.Bxf8 Kxf8 20.Qxd3 Qf6 21.d6 Rd8 22.g5 Qc3
23.Qe4 g6 24.Qe7+ Kg7 25.Rd1  1-0

[Event "Valjevo"]
[Site "Valjevo"]
[Date "1984.??.??"]
[Round "4"]
[White "Raicevic, Vladimir"]
[Black "Adamski, Jan"]
[Result "1-0"]
[WhiteElo "2395"]
[BlackElo "2430"]

1.c4 c5 2.Nf3 Nf6 3.Nc3 d5 4.cxd5 Nxd5 5.g3 Nc6 6.Bg2 g6 7.Qb3 Nb6 8.d3 Bg7
9.Ne4 Nd7 10.O-O O-O 11.Bd2 b6 12.Bc3 Bb7 13.Rfd1 Qc7 14.Rac1 e5 15.e3 Rac8
16.h4 Nf6 17.Ned2 Rfe8 18.a4 Rcd8 19.Nc4 Nd5 20.Be1 a5 21.Ng5 h6 22.Bxd5 Rxd5
23.Qxb6 Qxb6 24.Nxb6 Rdd8 25.Ne4 Nb4 26.Nxc5 Bf3 27.Bxb4 Bxd1 28.Bxa5 Bf3
29.e4 f5 30.Nd5 Rc8 31.Bc7 Kf7 32.b4 Bf8 33.b5 Bxc5 34.Rxc5 fxe4 35.dxe4 Bxe4
36.Nb6 Red8 37.f3 Bxf3 38.a5  1-0

[Event "Vrnjacka Banja"]
[Site "Vrnjacka Banja"]
[Date "1984.??.??"]
[Round "?"]
[White "Krnic, Zdenko"]
[Black "Vaisser, Anatoli"]
[Result "1/2-1/2"]
[WhiteElo "2410"]
[BlackElo "2475"]

1.Nf3 c5 2.c4 Nf6 3.Nc3 e6 4.g3 b6 5.Bg2 Bb7 6.O-O d6 7.d4 cxd4 8.Qxd4 a6
9.Be3 Nbd7 10.Ng5 Bxg2 11.Kxg2 Rc8 12.Rfd1 Be7 13.Nge4 Rc6 14.Rac1 O-O 15.f3 Qc7
16.b3 Rc8 17.Qd3 Ne8 18.a4 Qb7 19.Na2 Nc5 20.Qb1 Nxe4 21.Qxe4 Nf6 22.Qd3 d5
23.cxd5 Nxd5 24.Bd4 Nb4 25.Qb1 Nc2 26.Rd2 Nxd4 27.Rxd4 b5 28.Rxc6 Qxc6 29.Qd3 Qc2
30.Nb4 Bxb4 31.Rxb4 Qxd3 32.exd3 Rc2+ 33.Kf1 Rc5 34.Ke2 Kf8 35.Ke3 Ke7 36.Rh4 h6
37.axb5 axb5 38.b4 Rc2 39.Rh5 f5 40.g4 Kf6 41.gxf5 exf5 42.Kd4 Rc7 43.f4 Rc2
44.Kd5 Rf2 45.Rh4 Rf3 46.Kc6 Ke6 47.d4 Rc3+ 48.Kxb5 Kd5 49.Rh5 Ke4 50.d5 Kxf4
51.h3 Ke5 52.Kb6 Rd3 53.Kc6 Rc3+ 54.Kd7 Rd3 55.Kc6 Rc3+ 56.Kd7 Rd3 57.Kc6  1/2-1/2

[Event "Vrnjacka Banja"]
[Site "Vrnjacka Banja"]
[Date "1984.??.??"]
[Round "?"]
[White "Vaisser, Anatoli"]
[Black "Spassov, Liuben"]
[Result "1/2-1/2"]
[WhiteElo "2475"]
[BlackElo "2475"]

1.c4 Nf6 2.Nc3 c5 3.Nf3 e6 4.g3 b6 5.Bg2 Bb7 6.O-O Be7 7.d4 cxd4 8.Qxd4 d6
9.Bg5 a6 10.Bxf6 Bxf6 11.Qd3 Ra7 12.Rad1 Be7 13.Nd4 Bxg2 14.Kxg2 Qc8  1/2-1/2

[Event "Vrnjacka Banja"]
[Site "Vrnjacka Banja"]
[Date "1984.??.??"]
[Round "?"]
[White "Simic, Radoslav"]
[Black "Adamski, Jan"]
[Result "1-0"]
[WhiteElo "2485"]
[BlackElo "2460"]

1.c4 Nf6 2.Nc3 c5 3.Nf3 b6 4.e4 Bb7 5.Bd3 d6 6.Bc2 e6 7.O-O Be7 8.d4 cxd4
9.Nxd4 O-O 10.b3 Nbd7 11.Bb2 a6 12.Kh1 Re8 13.f4 Bf8 14.Qf3 g6 15.Qh3 e5
16.fxe5 Nxe5 17.Nf3 Nfg4 18.Rae1 Bg7 19.Nxe5 Nxe5 20.Rd1 Qc7 21.Ba3 Rad8
22.Bb1 h5 23.Qg3 Ng4 24.h3 Be5 25.Qe1 Nf6 26.Bc1 Bxc3 27.Qxc3 Nxe4 28.Bxe4 Rxe4
29.Bb2 Re5 30.Qd2 Rde8 31.Bxe5 Rxe5 32.Rfe1 Rf5 33.Qxd6 Qxd6 34.Rxd6 Rf2
35.Rxb6 Bxg2+ 36.Kh2 h4 37.c5 Bd5+ 38.Kg1 Rxa2 39.c6 Be6 40.c7  1-0

[Event "Vrnjacka Banja"]
[Site "Vrnjacka Banja"]
[Date "1984.??.??"]
[Round "?"]
[White "Vaisser, Anatoli"]
[Black "Lechtynsky, Jiri"]
[Result "1/2-1/2"]
[WhiteElo "2475"]
[BlackElo "2470"]

1.c4 Nf6 2.Nc3 c5 3.Nf3 g6 4.e4 Bg7 5.d4 O-O 6.Be2 d6 7.O-O Na6 8.d5 e6 9.dxe6 Bxe6
10.Bg5 Qb6 11.Qd2 Rfe8 12.Ne1 Nb4 13.f4 Nxe4 14.Nxe4 Bxc4 15.Nf6+ Bxf6 16.Bxc4 Bd4+
17.Kh1 d5 18.Be2 c4 19.f5 f6 20.Nf3 Nc6 21.Bxf6 Bxf6 22.Qxd5+ Kh8 23.fxg6 Rxe2
24.Ng5 Ne5 25.Rxf6 Qxf6 26.Qxb7 Qxg6 27.Qxa8+ Qg8 28.Qxg8+ Kxg8 29.Nf3 Nd3
30.Rb1 Rxb2 31.Rxb2 Nxb2 32.Nd4 Kf7 33.Kg1 Kf6 34.Kf1 Ke5 35.Nc6+ Ke4 36.Ke2 c3
37.Nxa7 Nc4 38.Kd1 Kd3 39.Nc6 Ne3+ 40.Kc1 Nxg2 41.Ne5+ Kd4  1/2-1/2

[Event "Zuerich op"]
[Site "Zuerich"]
[Date "1984.??.??"]
[Round "1"]
[White "Zueger, Beat"]
[Black "Gheorghiu, Florin"]
[Result "0-1"]
[WhiteElo "2385"]
[BlackElo "2505"]

1.c4 c5 2.Nc3 b6 3.Nf3 Nf6 4.g3 Bb7 5.Bg2 e6 6.O-O a6 7.d4 cxd4 8.Qxd4 d6
9.Bg5 Nbd7 10.Nd2 Bxg2 11.Kxg2 Qc7 12.Rfd1 Be7 13.Nde4 O-O 14.Rac1 Rfd8 15.f3 h6
16.Be3 Nxe4 17.Nxe4 Nc5 18.Nxc5 bxc5 19.Qg4 Kh7 20.Qe4+ Kh8 21.g4 Rab8 22.g5 hxg5
23.b3 g6 24.h4 gxh4 25.Qf4 Kg8 26.Rh1 Rd7 27.Rxh4 Bxh4 28.Qxh4 f5 29.Kf2 Rh7
30.Qg3 Kf7 31.Rg1 Rg8 32.b4 cxb4 33.c5 e5 34.cxd6 Qxd6 35.f4 exf4 36.Bxf4 Qd4+
37.Kg2 Re8 38.Rc1 Qe4+  0-1

[Event "Zuerich op"]
[Site "Zuerich"]
[Date "1984.??.??"]
[Round "5"]
[White "Zueger, Beat"]
[Black "Forintos, Gyozo V"]
[Result "1-0"]
[WhiteElo "2385"]
[BlackElo "2425"]

1.c4 c5 2.Nf3 Nf6 3.Nc3 d5 4.cxd5 Nxd5 5.e4 Nb4 6.Bc4 Nd3+ 7.Ke2 Nf4+ 8.Kf1 Ne6
9.b4 cxb4 10.Ne2 Qc7 11.Bb2 Qxc4 12.Rc1 Qxe4 13.Rxc8+ Kd7 14.Rc4 Qd5 15.Ne5+ Ke8
16.Nf4 Qb5 17.Nxe6 Na6 18.Nd4 Qa5 19.Qg4 Rd8 20.Ne6 f6 21.Nxg7+  1-0

[Event "BRA-ch 52th"]
[Site "Brasilia"]
[Date "1985.04.??"]
[Round "8"]
[White "Milos, Gilberto"]
[Black "Filguth, Rubens A"]
[Result "1/2-1/2"]
[WhiteElo "2390"]
[BlackElo "2380"]

1.Nf3 c5 2.c4 Nf6 3.Nc3 g6 4.d4 cxd4 5.Nxd4 Nc6 6.g3 Bg7 7.Bg2 O-O 8.O-O Nxd4
9.Qxd4 d6 10.Qd3 a6 11.Be3 Bf5 12.Qd2 Qd7 13.Bd4 Rab8 14.Rac1 Rfe8 15.Rfd1 Bh3
16.Bh1 Qf5 17.e4 Qa5 18.Bxf6 Bxf6 19.Nd5 Qxa2 20.Nxf6+ exf6 21.Qc3 b5 22.b3 bxc4
23.bxc4 Rec8 24.Qxf6 Rxc4 25.Ra1 Qc2 26.Qxd6 Re8 27.e5 Qf5 28.Re1 Rc2 29.Qd4 Qc8
30.Qa4 Rd8 31.Rad1  1/2-1/2

[Event "URS-ch sf"]
[Site "Aktjubinsk"]
[Date "1985.??.??"]
[Round "?"]
[White "Gofshtein, Leonid D"]
[Black "Dokhoian, Yury"]
[Result "1/2-1/2"]
[WhiteElo "2395"]
[BlackElo "2240"]

1.Nf3 c5 2.c4 Nf6 3.Nc3 e6 4.g3 b6 5.Bg2 Bb7 6.O-O d6 7.b3 Be7 8.Bb2 O-O
9.Re1 Nbd7 10.d4 cxd4 11.Nxd4 Bxg2 12.Kxg2 Qc7 13.e4 a6 14.Rc1 Rfe8 15.Rc2 Qb7
16.f3 Ne5 17.Rd2 Red8 18.Qe2 Rac8 19.Red1 h6 20.h3 Rd7 21.Qe3 Rdc7 22.Nce2  1/2-1/2

[Event "URS-ch sf"]
[Site "Aktjubinsk"]
[Date "1985.??.??"]
[Round "?"]
[White "Yermolinsky, Alex"]
[Black "Kozlov, Vladimir N"]
[Result "1/2-1/2"]
[WhiteElo "2465"]
[BlackElo "2415"]

1.Nf3 Nf6 2.c4 g6 3.Nc3 c5 4.e4 Nc6 5.d4 cxd4 6.Nxd4 Bg7 7.Be3 O-O 8.Be2 d6
9.O-O Bd7 10.Qd2 a6 11.f3 Rb8 12.Rfd1 b5 13.cxb5 Nxd4 14.Bxd4 axb5 15.a3 Bc6
16.Na2 Nd7 17.Bxg7 Kxg7 18.Qc3+ Ne5 19.f4 Qb6+ 20.Kh1 f6 21.fxe5 fxe5 22.Bf3 Rf4
23.Rac1 Bxe4 24.Bxe4 Rxe4 25.Qc7 Qxc7 26.Rxc7 Kf6 27.Nb4 Ke6 28.Kg1 Rc4 29.Rc1 Rxc1+
30.Rxc1 Rf8 31.Rc7 e4 32.Nc2 d5 33.Rc5 Kd6 34.Rxb5 Rc8 35.Nb4 Rc1+ 36.Kf2 e6
37.Rb6+ Kd7 38.Ke3 Re1+ 39.Kd4 Rd1+ 40.Ke3 Re1+ 41.Kd2 Rg1 42.Na6 d4 43.Nc5+ Kc7
44.Rxe6 Rxg2+ 45.Ke1 Rxb2 46.Rxe4 Kc6 47.Nd3 Rxh2 48.Rxd4 Kb5 49.Rb4+ Ka5
50.Ne5 g5 51.Nc4+ Ka6 52.a4 h5 53.a5 Ra2 54.Rb6+ Ka7 55.Rb4 Ka6 56.Rb6+ Ka7
57.Rb5  1/2-1/2

[Event "URS-ch sf"]
[Site "Aktjubinsk"]
[Date "1985.??.??"]
[Round "?"]
[White "Kharitonov, Andrei Y"]
[Black "Jailjan, M."]
[Result "1/2-1/2"]
[WhiteElo "2450"]
[BlackElo "2200"]

1.Nf3 Nf6 2.c4 c5 3.Nc3 b6 4.e3 Bb7 5.d4 cxd4 6.exd4 e6 7.a3 d5 8.cxd5 Nxd5
9.Bb5+ Bc6 10.Bd3 Nd7 11.O-O Be7 12.Bc2 Nxc3 13.bxc3 b5 14.Qd3 a6 15.Re1 Nb6
16.Ne5 Bd5 17.Qh3 Bf6 18.Bf4 Rc8 19.Rad1 Qe7 20.Bc1 g6 21.Rd3 Nc4 22.Ng4 Bg7
23.Bh6 f5 24.Bxg7 Qxg7 25.Ne3  1/2-1/2

[Event "URS-ch sf"]
[Site "Aktjubinsk"]
[Date "1985.??.??"]
[Round "?"]
[White "Gorelov, Sergey G"]
[Black "Yermolinsky, Alex"]
[Result "1/2-1/2"]
[WhiteElo "2425"]
[BlackElo "2465"]

1.c4 c5 2.Nf3 Nf6 3.Nc3 e6 4.d4 cxd4 5.Nxd4 Bb4 6.g3 Qc7 7.Qb3 Bc5 8.Be3 a6
9.Na4 d6 10.Nxc5 dxc5 11.Nf3 O-O 12.Bg2 Ng4 13.O-O Nd7 14.Rfd1 Rb8 15.Bg5 Re8
16.h3 Ngf6 17.Bxf6 Nxf6 18.Rd2 Bd7 19.Qc2 Bc6 20.Rad1 Red8  1/2-1/2

[Event "Albena"]
[Site "Albena"]
[Date "1985.??.??"]
[Round "?"]
[White "Vilela, Jose Luis"]
[Black "Popchev, Milko"]
[Result "1/2-1/2"]
[WhiteElo "2430"]
[BlackElo "2480"]

1.c4 Nf6 2.Nc3 c5 3.Nf3 e6 4.e3 Nc6 5.d4 d5 6.a3 Ne4 7.Qc2 Nxc3 8.bxc3 Be7
9.Bd3 dxc4 10.Bxc4 cxd4 11.cxd4 a6 12.Bd3  1/2-1/2

[Event "Albena"]
[Site "Albena"]
[Date "1985.??.??"]
[Round "?"]
[White "Popchev, Milko"]
[Black "Lukacs, Peter"]
[Result "1/2-1/2"]
[WhiteElo "2480"]
[BlackElo "2465"]

1.c4 Nf6 2.Nc3 c5 3.Nf3 d5 4.cxd5 Nxd5 5.e3 e6 6.Qc2 Nc6 7.a3 Be7 8.Be2 O-O
9.O-O b6 10.b3 Nxc3 11.dxc3 Bb7 12.Bb2 Qc7 13.c4 Rad8  1/2-1/2

[Event "Albena"]
[Site "Albena"]
[Date "1985.??.??"]
[Round "?"]
[White "Toshkov, Tihomir"]
[Black "Kouatly, Bachar"]
[Result "1-0"]
[WhiteElo "2420"]
[BlackElo "2455"]

1.Nf3 Nf6 2.c4 c5 3.Nc3 b6 4.e3 e6 5.d4 cxd4 6.exd4 d6 7.Bd3 Be7 8.O-O O-O
9.Re1 Bb7 10.b3 Nbd7 11.Bb2 Re8 12.a3 Bf8 13.h3 g6 14.b4 a6 15.Nd2 Rb8 16.Nb3 Nh5
17.Bf1 e5 18.Nd5 e4 19.a4 f5 20.Ne3 d5 21.c5 f4 22.Ng4 Nhf6 23.Rc1 h5 24.Ne5 Nxe5
25.dxe5 Nd7 26.c6  1-0

[Event "Albena"]
[Site "Albena"]
[Date "1985.??.??"]
[Round "?"]
[White "Vilela, Jose Luis"]
[Black "Lukacs, Peter"]
[Result "1/2-1/2"]
[WhiteElo "2430"]
[BlackElo "2465"]

1.Nf3 Nf6 2.c4 c5 3.Nc3 d5 4.cxd5 Nxd5 5.g3 Nc6 6.Bg2 Nc7 7.d3 e5 8.Nd2 Bd7
9.O-O Be7 10.Nc4 f6 11.f4 b5 12.Ne3 exf4 13.gxf4 Rb8 14.Bd2 O-O 15.f5 Ne5
16.Kh1 Bc6 17.Bxc6 Nxc6 18.Rg1 Rf7 19.Rc1 Ne5 20.Ne4 Qd4 21.b3 Rd8 22.Rg3 b4
23.Qg1 Ne8 24.Nc4 Qd5 25.Ne3  1/2-1/2

[Event "ITA-ch44"]
[Site "Arcidosso"]
[Date "1985.??.??"]
[Round "6"]
[White "Cocozza, Mario"]
[Black "Gallo, Enrico"]
[Result "1-0"]
[WhiteElo "2295"]
[BlackElo "2030"]

1.c4 Nf6 2.Nc3 c5 3.Nf3 b6 4.g3 Bb7 5.Bg2 g6 6.O-O Bg7 7.d4 cxd4 8.Qxd4 Nc6
9.Qd3 Rc8 10.e4 Nb4 11.Qe2 Ba6 12.Nb5 Bxb5 13.cxb5 d5 14.e5 Ne4 15.Bd2 Rc2
16.a3 Bh6 17.Rad1 Rxb2 18.axb4 Bxd2 19.Nxd2 Nc3 20.Qd3 Nxd1 21.Rxd1 Qc7 22.Bxd5 O-O
23.e6 f5 24.Nc4 Rxb4 25.Bc6 Rc8 26.Ne3  1-0

[Event "Baden-Baden"]
[Site "Baden-Baden"]
[Date "1985.??.??"]
[Round "5"]
[White "Witt, Rob"]
[Black "Gheorghiu, Florin"]
[Result "1/2-1/2"]
[WhiteElo "2295"]
[BlackElo "2515"]

1.c4 c5 2.Nf3 Nf6 3.Nc3 b6 4.g3 Bb7 5.Bg2 e6 6.O-O a6 7.d4 cxd4 8.Qxd4 d6
9.Rd1 Be7 10.Ng5 Bxg2 11.Kxg2 Nc6 12.Qf4 Ra7 13.Nge4 Rd7 14.Nxf6+ Bxf6 15.Qe4 Ne7
16.Qc2 Nf5 17.e4 Qa8 18.f3 Ne7 19.Bf4 Qc6 20.Qd3 Ng6 21.Rac1 O-O 22.b3 Bxc3
23.Rxc3 Nxf4+ 24.gxf4 f5  1/2-1/2

[Event "Baden-Baden"]
[Site "Baden-Baden"]
[Date "1985.??.??"]
[Round "11"]
[White "Pachman, Ludek"]
[Black "Mrdja, Milan"]
[Result "1/2-1/2"]
[WhiteElo "2410"]
[BlackElo "2425"]

1.Nf3 Nf6 2.c4 g6 3.Nc3 c5 4.d4 Qa5 5.d5 Bg7 6.Bd2 O-O 7.e4 d6 8.Be2 a6 9.O-O Qc7
10.a4 e6 11.a5 exd5 12.exd5 Bg4 13.h3 Bxf3 14.Bxf3 Nbd7 15.Qc2 Rae8 16.Na4 Ne5
17.Be2 Nc6 18.dxc6 Rxe2 19.Qd3 Re4 20.cxb7 Qxb7 21.Rfe1 Qc6 22.Nb6 Rfe8  1/2-1/2

[Event "Baden-Baden"]
[Site "Baden-Baden"]
[Date "1985.??.??"]
[Round "13"]
[White "Witt, Rob"]
[Black "Farago, Ivan"]
[Result "0-1"]
[WhiteElo "2295"]
[BlackElo "2510"]

1.c4 Nf6 2.Nc3 c5 3.Nf3 e6 4.g3 d5 5.cxd5 Nxd5 6.Bg2 Be7 7.O-O O-O 8.d4 Nc6
9.Nxd5 exd5 10.dxc5 Bxc5 11.b3 Bf5 12.Bb2 Be4 13.Qd2 Qe7 14.Rac1 Bb6 15.Nd4 Nxd4
16.Bxd4 Bxg2  0-1

[Event "Balatonbereny op"]
[Site "Balatonbereny"]
[Date "1985.??.??"]
[Round "6"]
[White "Hoelzl, Franz"]
[Black "Sax, Gyula"]
[Result "1/2-1/2"]
[WhiteElo "2325"]
[BlackElo "2535"]

1.Nf3 Nf6 2.c4 c5 3.Nc3 d5 4.cxd5 Nxd5 5.e4 Nb4 6.Bc4 Nd3+ 7.Ke2 Nf4+ 8.Kf1 Ne6
9.Ne5 Nc6 10.Nxc6 bxc6 11.d3 Nd4 12.Qh5 e6 13.Qg5 f6 14.Qg3 e5 15.b3 Be6
16.Bxe6 Nxe6 17.Na4 c4 18.bxc4 Rb8 19.Qh3 Kf7 20.Qh5+ g6 21.Qd1 Qa5 22.h4 h5
23.Rh3 Nd4 24.Bd2 Bb4 25.Be3 Rhd8 26.Rb1 Ba3 27.Rxb8 Rxb8 28.Bd2 Bb4 29.Be3 Be7
30.Bd2 Bb4 31.Be3 Be7 32.Bd2 Qa6 33.g3 Rd8 34.Kg2 Ne6 35.Qc2 Nd4 36.Qd1 Ne6  1/2-1/2

[Event "Balatonbereny op"]
[Site "Balatonbereny"]
[Date "1985.??.??"]
[Round "10"]
[White "Bukal, Vladimir Sr"]
[Black "Karolyi, Tibor Jr"]
[Result "1-0"]
[WhiteElo "2455"]
[BlackElo "2410"]

1.c4 Nf6 2.Nc3 c5 3.Nf3 b6 4.e4 d6 5.d4 cxd4 6.Nxd4 Bb7 7.f3 e6 8.Be3 Nbd7
9.Be2 Be7 10.Qd2 a6 11.O-O O-O 12.Rac1 Qb8 13.Rfd1 Bd8 14.b4 Bc7 15.h3 Re8
16.Nc2 Ne5 17.Bf1 Nfd7 18.f4 Nc6 19.Qf2 Rd8 20.Rd2 Ne7 21.g4 Qc8 22.f5 Nc6
23.Qh4 Nce5 24.Rf2 Re8 25.Nd4 Bd8 26.g5 Nxc4 27.Nce2 e5 28.Nf3 b5 29.Ng3 d5
30.Nh5 Kh8 31.Nxg7 Rg8 32.f6 Rxg7 33.fxg7+ Kxg7 34.Qh6+ Kg8 35.Nh4 Be7 36.Bxc4 dxc4
37.Rcf1 Qc6 38.g6 fxg6 39.Rf7  1-0

[Event "Bayamo"]
[Site "Bayamo"]
[Date "1985.??.??"]
[Round "11"]
[White "Vaisser, Anatoli"]
[Black "Pigusov, Evgeny"]
[Result "1/2-1/2"]
[WhiteElo "2490"]
[BlackElo "2455"]

1.c4 c5 2.Nf3 Nf6 3.Nc3 b6 4.g3 Bb7 5.Bg2 e6 6.O-O Be7 7.b3 d6 8.d4 cxd4
9.Qxd4 a6 10.Bb2 Nbd7  1/2-1/2

[Event "Budapest Elekes"]
[Site "Budapest"]
[Date "1985.??.??"]
[Round "?"]
[White "Uhlmann, Wolfgang"]
[Black "Zsinka, Laszlo"]
[Result "1-0"]
[WhiteElo "2470"]
[BlackElo "2340"]

1.c4 c5 2.Nf3 Nf6 3.Nc3 e6 4.g3 b6 5.Bg2 Bb7 6.d4 cxd4 7.Qxd4 d6 8.O-O a6
9.e4 Nbd7 10.Qe3 Be7 11.Nd4 Qc7 12.b3 O-O 13.Bb2 Rfe8 14.Rfe1 Bf8 15.Re2 g6
16.Rd1 Rad8 17.Qc1 Bg7 18.Qa1 Qb8 19.Nc2 Ba8 20.Red2 Bf8 21.Ne3 Nc5 22.b4 Ncd7
23.Qb1 h5 24.Qd3 Ng4 25.Nxg4 hxg4 26.Qe2 Ne5 27.Nb1 Qc7 28.Na3 Be7 29.h3 gxh3
30.Bxh3 Rc8 31.Bf1 f5 32.f4 Ng4 33.exf5  1-0

[Event "Budapest Elekes"]
[Site "Budapest"]
[Date "1985.??.??"]
[Round "?"]
[White "Uhlmann, Wolfgang"]
[Black "Bischoff, Klaus"]
[Result "1/2-1/2"]
[WhiteElo "2470"]
[BlackElo "2415"]

1.c4 c5 2.Nf3 Nf6 3.Nc3 e6 4.g3 b6 5.Bg2 Bb7 6.d4 Ne4 7.Nxe4 Bxe4 8.O-O Be7
9.Bf4 Nc6 10.d5 Na5 11.Nd2 Bxg2 12.Kxg2 O-O 13.e4 Bg5 14.Bxg5 Qxg5 15.f4 Qg6
16.Qf3 Rfe8 17.Rae1 Rac8 18.Qc3 exd5 19.exd5 Nb7 20.f5 Qh6 21.Ne4 Nd6 22.Rf4 Nxe4
23.Rfxe4 Rxe4 24.Rxe4 Kf8 25.Qe5 Qf6 26.Qxf6 gxf6 27.Kf3 Re8 28.a3 Rxe4 29.Kxe4 d6
30.Kf4 Kg7 31.Kg4 h6 32.Kh5 Kh7 33.b4 a5  1/2-1/2

[Event "BUL-FRA"]
[Site "?"]
[Date "1985.??.??"]
[Round "1"]
[White "Danailov, Silvio"]
[Black "Renet, Olivier"]
[Result "1/2-1/2"]
[WhiteElo "2440"]
[BlackElo "2375"]

1.Nf3 Nf6 2.c4 c5 3.Nc3 e6 4.e3 d5 5.d4 a6 6.dxc5 Bxc5 7.a3 dxc4 8.Qxd8+ Kxd8
9.Bxc4 b5 10.Bd3 Bb7 11.Ng5 Ke7 12.Nce4 Nbd7 13.Bd2 Rhc8 14.Rc1 Ke8 15.Ke2  1/2-1/2

[Event "BUL-FRA"]
[Site "?"]
[Date "1985.??.??"]
[Round "5"]
[White "Inkiov, Ventzislav"]
[Black "Kouatly, Bachar"]
[Result "1/2-1/2"]
[WhiteElo "2480"]
[BlackElo "2460"]

1.Nf3 Nf6 2.c4 c5 3.Nc3 e6 4.e3 b6 5.d4 cxd4 6.exd4 d6 7.Bd3 Be7 8.O-O O-O
9.Bf4 Bb7 10.Qe2 Re8 11.Rfd1 Nbd7 12.Rac1 Bf8 13.Ne4 Nxe4 14.Bxe4 Bxe4 15.Qxe4 d5
16.Qe2 dxc4 17.Qxc4 Nf6 18.Bg5 h6 19.Bxf6 Qxf6 20.Qc6 Red8 21.Ne5 Bd6 22.Qe4 Bxe5
23.dxe5 Qf5 24.Qxf5 exf5 25.g3 Rxd1+ 26.Rxd1 Rc8 27.Rd7  1/2-1/2

[Event "CAN-ch"]
[Site "?"]
[Date "1985.??.??"]
[Round "8"]
[White "Barbeau, Sylvain"]
[Black "Berube, Richard"]
[Result "1-0"]
[WhiteElo "2235"]
[BlackElo "2200"]

1.c4 Nf6 2.Nc3 c5 3.Nf3 e6 4.g3 d5 5.cxd5 exd5 6.d4 Nc6 7.Bg2 Be7 8.O-O O-O
9.dxc5 Bxc5 10.Bg5 d4 11.Na4 Be7 12.Rc1 h6 13.Bxf6 Bxf6 14.Nc5 Re8 15.a3 Qb6
16.b4 a5 17.Qa4 Bf5 18.b5 Na7 19.Nxd4 Bxd4 20.Qxd4 Rxe2 21.a4 Rd8 22.Qf4 Bc8
23.Bf3 Re7 24.Rc3 Be6 25.Qh4 Rde8 26.Rfc1 Bf5 27.Kg2 Qg6 28.Nxb7 Re4 29.Qh5 Qxh5
30.Bxh5 Rxa4 31.Nd6 Rb8 32.Bxf7+ Kf8 33.Bb3 Be4+ 34.f3 Rd4 35.Nxe4 Nxb5 36.Rc8+ Rxc8
37.Rxc8+ Ke7 38.Ra8 Rb4 39.Bd1 Rb2+ 40.Kh3 Ra2 41.Bb3 Ra3 42.Bc4 Nd4 43.Ra7+  1-0

[Event "Midwest Masters"]
[Site "Chicago"]
[Date "1985.??.??"]
[Round "3"]
[White "Ahlstrom, S."]
[Black "Chow, Albert"]
[Result "0-1"]
[WhiteElo "2200"]
[BlackElo "2310"]

1.c4 c5 2.Nf3 Nf6 3.Nc3 d5 4.cxd5 Nxd5 5.d4 g6 6.Nxd5 Qxd5 7.Qc2 Bf5 8.Qxc5 Qxc5
9.dxc5 Bg7 10.Nd2 O-O 11.e4 Bd7 12.Rb1 Rc8 13.b4 a5 14.a3 axb4 15.axb4 b6
16.cxb6 Ra2 17.b5 Be6 18.Bd3 Rc3 19.Ke2 Nd7 20.f4 Bg4+ 21.Ke3 Nc5 22.Rb3 Nxb3
23.Nxb3 Re2+  0-1

[Event "Midwest Masters"]
[Site "Chicago"]
[Date "1985.??.??"]
[Round "4"]
[White "Bereolos, P."]
[Black "Zingheim, S."]
[Result "1/2-1/2"]
[WhiteElo "2200"]
[BlackElo "2200"]

1.Nf3 c5 2.c4 Nf6 3.Nc3 d5 4.cxd5 Nxd5 5.d4 Nxc3 6.bxc3 g6 7.e4 Bg7 8.Rb1 O-O
9.Be2 Bg4 10.Rxb7 Nc6 11.Be3 Bxf3 12.Bxf3 cxd4 13.cxd4 Nxd4 14.O-O e6 15.Be2 Nxe2+
16.Qxe2 a5 17.Rd1 Qh4 18.Bc5 Rfd8 19.Rxd8+ Qxd8 20.Qf3 Qf6 21.Qxf6 Bxf6 22.Ra7 Rxa7
23.Bxa7 Kf8 24.Kf1 Ke8 25.Ke2 Bd8 26.Kd3 Kd7 27.Kc4 Kc6  1/2-1/2

[Event "Midwest Masters"]
[Site "Chicago"]
[Date "1985.??.??"]
[Round "4"]
[White "Pelts, Peter"]
[Black "Sage, T."]
[Result "1/2-1/2"]
[WhiteElo "2435"]
[BlackElo "2200"]

1.Nf3 Nf6 2.c4 c5 3.Nc3 e6 4.g3 b6 5.Bg2 Bb7 6.O-O Be7 7.b3 O-O 8.Bb2 d5
9.cxd5 Nxd5 10.Qc2 Nc6 11.Nxd5 Qxd5 12.Qc4 Qh5 13.Qa4 Rad8 14.Rac1 a6 15.a3 b5
16.Qe4 Rd7 17.Qb1 e5 18.d3 Re8 19.a4 Bd6 20.e4 f5 21.Rce1 f4 22.h3 Bc7 23.Bc3 Red8
24.Rd1 Bd6 25.g4 Qe8 26.Ne1 Be7 27.Bf3 g6 28.Qc2 Rc7 29.Be2 Bc8 30.Nf3 Bd6
31.Kh2 h6 32.Qd2 Be6 33.Rb1 Rg7 34.Rfc1 g5 35.Ba5 Rc8 36.Bb6 Nd4 37.Nxd4 exd4
38.e5 Bxe5 39.Bf3 Bd6 40.b4 cxb4 41.Bxd4 Rgc7 42.Rxc7 Rxc7 43.Re1 Qf7 44.axb5 axb5
45.Ba1 Bf8 46.Qe2 Bb3 47.Qe5 Qg7 48.Qxb5 Qd7 49.Qb6 Qd6 50.Qb5 Rc2 51.Kg2  1/2-1/2

[Event "Capablanca mem-A"]
[Site "Cienfuegos"]
[Date "1985.??.??"]
[Round "5"]
[White "Vilela, Jose Luis"]
[Black "Bellon Lopez, Juan Manuel"]
[Result "1/2-1/2"]
[WhiteElo "2415"]
[BlackElo "2445"]

1.Nf3 Nf6 2.c4 c5 3.Nc3 b6 4.g3 Bb7 5.Bg2 g6 6.O-O Bg7 7.d4 cxd4 8.Nxd4 Bxg2
9.Kxg2 Qc7 10.b3 O-O 11.e4 a6 12.Be3 e6 13.Rc1 Re8 14.Qf3 Nc6 15.Nxc6 dxc6
16.Rfd1 Rad8 17.Bf4 e5 18.Bg5 Rxd1 19.Rxd1 Nd7 20.Na4 Nf8 21.c5 b5 22.Nb6 h6
23.Bf6 Re6 24.Bxg7 Kxg7 25.b4 Re7 26.Rd6 Re6 27.Rd1 Re7 28.Rd6 Re6 29.Qc3 f6
30.Rd3 Re7 31.Qa3 Qb7 32.Rd6 Ne6 33.Qb3 h5 34.h4 Qc7 35.a3 Qb7 36.Kh2 Qc7
37.Kg1 Qb7 38.Kh1 Qc7 39.Kh2 Qb7 40.Kg2 Qc7 41.Kg1  1/2-1/2